000 00607nam a2200181 i 4500
001 145674
003 ES-MaACL
005 20250818063103.0
007 t|
008 071015s1957 sp ||||1| spa d
100 1 _aVernet, María Teresa,
_d1907-1974
_9114173
245 1 0 _aAntología musical
_b: guía de auditores /
_cpor María Teresa Vernet ; con unas notas prologales de Emilio M. Aguilera.
260 _aBarcelona :
_bHymsa,
_c[1957?]
300 _a457 p. :
_bil. ;
_c22 cm.
700 1 _aAguilera, Emilio M.
_918759
852 _aES-MaACL
_jC-14605
_bR.42488
999 _c145674
_d145674